01409nam a2200289 i 4500001001000000003000900010005001700019007000300036008004100039040003000080082001400110100004000124245031700164264004100481300002800522336002700550337003300577338002800610590002800638650006300666910000700729942001400736952011400750952011900864952011900983999001701102000038604DO-SdBNP20240229073823.0ta130416s2022 dr 000 0 spa d aDO-SdBNPbspacBNPHUerda 4222bA973m1 aSubero Isa, Jorge A.,d1947-97686310aManual de derecho penal y procesal penal de la República Dominicana :blos procedimientos judiciales ante los tribunales penales segun el tipo de infracción : un verdadero manual para el abogado, hecho actualizado y perfeccionado para su ejercicio profesional, teorico y práctico /cAlejandro Ayala Cordero aSanto Domingo :b[sin nombre],c2022 a1185 paginas ;c29 cm. 2rdacontentatextobtxt 2rdamediaasin mediaciónbn 2rdacarrieravolumenbnc aInventariado, 2023 / DG4 aDerecho civilxLegislaciónzRepública Dominicana96943 aDG 2ddccLBS1 00102ddc51708PDaBNPHUbBNPHUcCTd2023-05-04l0oBNPHU PD A973mp2023-1580r2023-05-04w2023-05-04yLBS1 00102ddc51708PDaBNPHUbBNPHUcCTd2023-05-04l0oBNPHU PD A973mp2023-1581r2023-05-04te.2w2023-05-04yLBS1 00102ddc56708DSaBNPHUbBNPHUcCTd2023-05-04l0oBNPHU DS A973mp2023-1582r2023-05-04te.3w2023-05-04yLBS1 c53415d53415